[Event "ZI-2010-0-00678"]
[Site "LSS email"]
[Date "2010.03.13"]
[Round "?"]
[White "Syblik, Zdenek"]
[Black "Quaranta, Cristiano"]
[Result "1/2-1/2"]
[WhiteElo "1400"]
[BlackElo "1874"]
[PlyCount "48"]
[EventDate "2010.03.06"]
[EventType "match (corr)"]
[EventRounds "2"]
[EventCountry "GER"]
[SourceTitle "Telechess CBM 141"]
[Source "ChessBase"]
[SourceDate "2011.03.17"]
[SourceVersion "1"]
[SourceVersionDate "2011.03.17"]
[SourceQuality "1"]

1. d4 d6 2. e4 Nf6 3. Nc3 g6 4. Nf3 Bg7 5. Be2 0-0 6. 0-0 a6 7. h3 Nc6 8. Be3 b5 9. a3 Bb7 10. e5 Ne8 11. e6 fxe6 12. Ng5 Qc8 13. Bg4 Nd8 14. Nxe6 Nxe6 15. d5 Rf5 16. Bxf5 gxf5 17. dxe6 Qxe6 18. Qd3 Qf7 19. f3 c5 20. Rad1 Be5 21. Rfe1 Rc8 22. Bf2 e6 23. Qd2 Qg7 24. Kf1 Kf7 1/2-1/2